| 000 | 00617nam a2200205 u 4500 | ||
|---|---|---|---|
| 005 | 20210223131220.0 | ||
| 008 | 100211s2004 es r 000 0 spa d | ||
| 020 | _a8426350291 | ||
| 035 | _aUPN01000174673 | ||
| 049 | _aI | ||
| 050 | 4 |
_aPZ78 _bA4.5 2005 |
|
| 100 | 1 |
_aAlcántara, Ricardo, _d1946- _930578 |
|
| 245 | 1 | 1 |
_a¿Quién ayuda en casa? / _cRicardo Alcántara ; il. Gusti. |
| 250 | _a2a ed. | ||
| 260 |
_aZaragoza, Esp. : _bEdelvives, _b2005. |
||
| 300 |
_a46 p. : _bil. col. |
||
| 440 | 0 |
_a¿Quién. _pRoja, a partir de 6 años ; _v2 |
|
| 650 | 4 |
_aLITERATURA INFANTIL URUGUAYA _916751 |
|
| 905 | _aInfantil | ||
| 999 |
_c146777 _d146777 |
||